00982nam a22002897a 4500001000700000003000900007005001700016007000300033008003900036020001500075040003000090082002600120100004700146245013000193264004300323300002900366336002700395337003500422338002900457500000600486546000600492650003900498650003500537650004400572700003500616700004100651000366DO-SdBPM20260218091341.0ta160706b1998 xxu |||| 00| 0 spa d a1890515116 aDO-SdBPMbspacBPMSUerda 4a813.5b J83c 19982221 aHarper, Josephine, c1953- eautor 4aut. 10aComo los perros de la pradera / cJosephine Harper ; ilustraciones de Craig Spearing ; traducción de Guillermo Gutiérrez. aaNew York : bTurtle Books, c1998.  a44 páginas ; c23 cm. atextobtxt2rdacontent asin mediación bn2rdamedia  avolumenbnc2reacarrier  a  a  7aCuentos juveniles estadounidenses. 7aNaturalezavCuentos juveniles. 7aVida de pioneros vCuentos juveniles. 1 aSpearing, Craig, eilustrador.1 aGutierrez, Guillermo, etraductor.